Music Quiz

Random Music or Song Quiz

Justin Bieber or One Direction? Quiz Stats

 Plays Quiz Updated Sep 25, 2016

Challenge
Share
Tweet
Embed
Score 0/24 Timer 01:30
29 Plays Today
Song Title Justin Bieber (B) or One Direction (D) % Correct
Baby???
88.5%
Sorry???
87.8%
Boyfriend???
87.8%
Story of My Life???
87.1%
What Do You Mean????
86.5%
Beauty and a Beat???
86.1%
What Makes You Beautiful???
86%
Love Yourself???
85.9%
Live While We're Young???
85.5%
Midnight Memories???
84.6%
Little Things???
84%
Drag Me Down???
83.9%
Song Title Justin Bieber (B) or One Direction (D) % Correct
As Long as You Love Me???
83.7%
Eeenie Meenie???
81.9%
One Less Lonely Girl???
81%
Kiss You???
80.6%
One Thing???
80.3%
You & I???
79.7%
Perfect???
79.6%
Company???
78.9%
Somebody to Love???
78.8%
Gotta Be You???
77.3%
Heart Attack???
72.7%
Infinity???
72.4%

You're not logged in!

Compare scores with friends on all Sporcle quizzes.
OR
Log In

You Might Also Like...

Show Comments

Extras

Top Quizzes Today


Score Distribution

Your Account Isn't Verified!

In order to create a playlist on Sporcle, you need to verify the email address you used during registration. Go to your Sporcle Settings to finish the process.

Report this User

Report this user for behavior that violates our Community Guidelines.

Details: